zpět

Detail výsledku týmu

Pub Na Plech - Žižkov, Praha

Datum a čas kvízu

37.5 Celkem bodů Celkový počet nahraných bodů na tomto kvízu bez doplňovacích otázek.
6. Pořadí na kvízu Konečné umístění týmu na tomto kvízu.

Zaznamenané odpovědi

# Otázka Odpověď Body Výsledky
1. Jak se jmenuje světoznámá česk... Eva Jiřičná 1
2. Americký prezident Joe Biden s... panda 0
3. Který pár zvítězil minulý týde... Trabo, Kristi 0
4. Ruské úřady vyměřily minulý tý... Google 1
5. Pátý, rozhodující zápas finále... Los Angeles Dodgers 0
6. Pokud žijete v Dánsku, budete... skořicí 1
7. Ve které zemi má původ takovát... v Mexiku 1
8. Ve vesnici Castrillo de Murcía... C 1
9. Velmi kontroverzní událost kri... o velbloudy 1
10. I řada našich tradic může na c... Jízda králů 0